000 00658nam a2200253Ia 4500
003 OSt
005 20221006151948.0
006 a|||||r|||| 00| 0
007 ta
008 221006b |||||||| |||| 00| 0 jpn d
020 _c¥50000 (Total)
024 _a24,053
037 _bGift, Japan Foundation
_cTextual
040 _aEASL
_cEASL
_bjpn
041 _2jpn
_ajpn
082 _aX:97Dv42, N3.
245 0 _aSohyo Yonjunenshi
260 _aTokyo
_bDaiichi Shorin Japan
_c1993
300 _ap.
_ccm.
490 _v V.3JL
650 _aJL
942 _hX:97Dv42, N3.
_cTEXL
_2CC
999 _c1092139
_d1092139